000 00818cad a22002055a 4500
001 E155034
008 120221e20120218xxk 000 0 eng u
035 _a(Sirsi) u155034
041 0 _aeng
110 2 _aBank of Scotland
_95792
245 0 0 _aAberdeen fares best in Scotland since the housing boom
_h[electronic resource]
260 _c2012
490 _aBank of Scotland Press Release
_v18 February 2012
520 _aAverage house prices in Aberdeen fell by 7% between 2007 and 2011, meaning that it has performed better than any other area in Scotland.
590 _aKA
651 4 _aScotland
_y1999-
690 _aResidential property
_96266
856 4 0 _uhttps://www.lloydsbankinggroup.com/media/pdfs/bos/2012/1802_fares.pdf
_zView the news release free of charge at www.lloydsbankinggroup.com
942 _n0
999 _c83792
_d83792